[Event "BEL-chT 2122"]
[Site "Belgium"]
[Date "2022.04.24"]
[Round "11.2"]
[White "Herman, Jean"]
[Black "De Schampheleire, Glen"]
[Result "0-1"]
[WhiteElo "2231"]
[BlackElo "2363"]
[PlyCount "72"]
[EventDate "2021.10.24"]
[EventType "team-tourn"]
[EventRounds "11"]
[EventCountry "BEL"]
[SourceTitle "EXT 2023"]
[Source "ChessBase"]
[SourceDate "2022.10.05"]
[SourceVersion "1"]
[SourceVersionDate "2022.10.05"]
[SourceQuality "1"]
[WhiteTeam "Montigny Fontaine"]
[BlackTeam "KBSK Brugge"]
[WhiteTeamCountry "BEL"]
[BlackTeamCountry "BEL"]

1. d4 Nf6 2. c4 e6 3. Nf3 d5 4. Nc3 a6 5. Bg5 dxc4 6. e4 b5 7. e5 h6 8. Bh4 g5 9. Nxg5 hxg5 10. Bxg5 Nbd7 11. Be2 Bb7 12. Bf3 Bxf3 13. Qxf3 Bh6 14. Bxf6 Nxf6 15. exf6 Rb8 16. Rd1 b4 17. Qc6+ Qd7 18. Qxd7+ Kxd7 19. Ne4 Kc6 20. Ke2 Kd5 21. Kf3 Rb5 22. g4 Ra5 23. g5 Bf8 24. Ra1 Rh4 25. Ng3 Bd6 26. Ne2 Kc6 27. Rhg1 Rf5+ 28. Ke3 Rh3+ 29. Kd2 Rxf2 30. Raf1 Rhxh2 31. Rxf2 Rxf2 32. Ke3 Rf5 33. Ke4 a5 34. Rg4 Kd7 35. Ng3 Rf2 36. d5 Rg2 0-1

[Event "BEL-chT 2122"]
[Site "Belgium"]
[Date "2022.03.13"]
[Round "9.1"]
[White "Herman, Jean"]
[Black "Zelbel, Patrick"]
[Result "1/2-1/2"]
[WhiteElo "2231"]
[BlackElo "2453"]
[PlyCount "82"]
[EventDate "2021.10.24"]
[EventType "team-tourn"]
[EventRounds "11"]
[EventCountry "BEL"]
[SourceTitle "EXT 2023"]
[Source "ChessBase"]
[SourceDate "2022.10.05"]
[SourceVersion "1"]
[SourceVersionDate "2022.10.05"]
[SourceQuality "1"]
[WhiteTeam "Montigny Fontaine"]
[BlackTeam "KSK47 Eynatten"]
[WhiteTeamCountry "BEL"]
[BlackTeamCountry "BEL"]

1. d4 Nf6 2. c4 e6 3. Nf3 d5 4. Nc3 Bb4 5. Qa4+ Nc6 6. Bg5 h6 7. Bxf6 Qxf6 8. e3 0-0 9. Bd3 dxc4 10. Bxc4 Bxc3+ 11. bxc3 Bd7 12. 0-0 Rfd8 13. Qc2 Na5 14. Bd3 c5 15. Ne5 Be8 16. Bh7+ Kf8 17. Be4 Rac8 18. Qb2 b6 19. Rac1 cxd4 20. cxd4 Qe7 21. g3 Qd6 22. Rxc8 Rxc8 23. Rc1 Rc7 24. Rc3 f6 25. Rxc7 Qxc7 26. Ng6+ Bxg6 27. Bxg6 Nc4 28. Qb4+ Nd6 29. e4 e5 30. dxe5 fxe5 31. Qb3 Qc4 32. Qa3 Qe6 33. Bf5 Qe7 34. Qf3 Ke8 35. Qb3 Nxf5 36. exf5 Kf8 37. Qd5 h5 38. Qa8+ Kf7 39. Qf3 g6 40. fxg6+ Kxg6 41. Qe4+ Kh6 1/2-1/2

[Event "BEL-chT 2122"]
[Site "Belgium"]
[Date "2021.11.21"]
[Round "2.2"]
[White "Herman, Jean"]
[Black "Mihok, Oliver"]
[Result "0-1"]
[WhiteElo "2231"]
[BlackElo "2534"]
[PlyCount "60"]
[EventDate "2021.10.24"]
[EventType "team-tourn"]
[EventRounds "11"]
[EventCountry "BEL"]
[SourceTitle "EXT 2023"]
[Source "ChessBase"]
[SourceDate "2022.10.05"]
[SourceVersion "1"]
[SourceVersionDate "2022.10.05"]
[SourceQuality "1"]
[WhiteTeam "Montigny Fontaine"]
[BlackTeam "KSK Rochade"]
[WhiteTeamCountry "BEL"]
[BlackTeamCountry "BEL"]

1. d4 Nf6 2. c4 g6 3. Nc3 Bg7 4. e4 d6 5. Be2 0-0 6. Nf3 Na6 7. 0-0 e5 8. Re1 exd4 9. Nxd4 Nc5 10. f3 Nh5 11. g3 Re8 12. Nc2 f5 13. exf5 Bxf5 14. Ne3 Bh3 15. Bd2 Bd4 16. Bf1 Bxf1 17. Kxf1 Nd3 18. Nc2 Nxb2 19. Rxe8+ Qxe8 20. Qe1 Qxe1+ 21. Bxe1 Bxc3 22. Bxc3 Nxc4 23. Re1 Kf7 24. Nd4 Re8 25. Rc1 c5 26. Nb5 a6 27. Nc7 Re7 28. Nd5 Ne3+ 29. Nxe3 Rxe3 30. Kf2 Re6 0-1

[Event "BEL-chT 1920"]
[Site "Belgium"]
[Date "2020.03.08"]
[Round "9.7"]
[White "Herman, Jean"]
[Black "Braun, Christian1111"]
[Result "0-1"]
[WhiteElo "2264"]
[BlackElo "2391"]
[PlyCount "96"]
[EventDate "2019.09.29"]
[EventType "team-tourn"]
[EventRounds "11"]
[EventCountry "BEL"]
[SourceTitle "CBM 195 Extra"]
[Source "ChessBase"]
[SourceDate "2020.05.31"]
[SourceVersion "1"]
[SourceVersionDate "2020.05.31"]
[SourceQuality "1"]
[WhiteTeam "Fontaine"]
[BlackTeam "Echiquier Mosan"]
[WhiteTeamCountry "BEL"]
[BlackTeamCountry "BEL"]

1. d4 Nf6 2. c4 g6 3. Nc3 d5 4. Bg5 Bg7 5. Bxf6 Bxf6 6. cxd5 c5 7. dxc5 0-0 8. Qd2 Nd7 9. Ne4 Bg7 10. Rc1 f5 11. Ng5 Nf6 12. e3 h6 13. N5h3 Ne4 14. Qb4 Kh7 15. Bc4 a5 16. Qa3 b5 17. cxb6 Qxb6 18. Qb3 Qxb3 19. axb3 Bxb2 20. Rc2 Bc3+ 21. Ke2 a4 22. f3 axb3 23. Bxb3 Ba6+ 24. Kd1 Bf1 25. fxe4 Ra1+ 26. Rc1 Rxc1+ 27. Kxc1 Bxg2 28. Ne2 Rc8 29. Rg1 Bxh3 30. Bc2 Be5 31. Kd2 Bg4 32. Ng3 f4 33. exf4 Bxf4+ 34. Kd3 Be5 35. Rb1 Kg7 36. Bd1 Bd7 37. Rb7 Rc7 38. Rxc7 Bxc7 39. Ke3 Kf6 40. Bf3 Bb6+ 41. Ke2 Ke5 42. Kf1 Bh3+ 43. Ke2 Kf4 44. Bh1 Bg1 45. Kd3 Bxh2 46. Ne2+ Ke5 47. Nd4 Kf6 48. Nf3 Be5 0-1

[Event "BEL-chT 1920"]
[Site "Belgium"]
[Date "2020.01.19"]
[Round "6.5"]
[White "Korpa, Bence"]
[Black "Herman, Jean"]
[Result "1-0"]
[WhiteElo "2549"]
[BlackElo "2264"]
[PlyCount "67"]
[EventDate "2019.09.29"]
[EventType "team-tourn"]
[EventRounds "11"]
[EventCountry "BEL"]
[SourceTitle "CBM 195 Extra"]
[Source "ChessBase"]
[SourceDate "2020.05.31"]
[SourceVersion "1"]
[SourceVersionDate "2020.05.31"]
[SourceQuality "1"]
[WhiteTeam "Wirtzfeld"]
[BlackTeam "Fontaine"]
[WhiteTeamCountry "BEL"]
[BlackTeamCountry "BEL"]

1. Nf3 d5 2. g3 Nf6 3. Bg2 Bf5 4. 0-0 e6 5. d3 Be7 6. Nfd2 e5 7. e4 dxe4 8. dxe4 Bg4 9. Qe1 Nbd7 10. f4 exf4 11. gxf4 c6 12. Nc3 Nb6 13. h3 Bd7 14. e5 Nfd5 15. Nce4 Bf5 16. Nb3 0-0 17. Qe2 Qd7 18. Nbc5 Qc8 19. c4 Nc7 20. Nd6 Bxd6 21. exd6 Ne8 22. Rd1 Bxh3 23. b3 Bg4 24. Bf3 Bxf3 25. Qxf3 Qf5 26. Be3 Rd8 27. Nxb7 Rd7 28. Qxc6 Qh3 29. Rd3 Nf6 30. Nc5 Re8 31. Qg2 Rxe3 32. Qxh3 Rxh3 33. Rxh3 Rxd6 34. Rd3 1-0

[Event "BEL-chT 1718"]
[Site "Belgium"]
[Date "2018.04.29"]
[Round "11.8"]
[White "Noiroux, Kevin"]
[Black "Herman, Jean"]
[Result "1/2-1/2"]
[WhiteElo "2124"]
[BlackElo "2235"]
[PlyCount "53"]
[EventDate "2017.09.24"]
[EventType "team-tourn"]
[EventRounds "11"]
[EventCountry "BEL"]
[SourceTitle "EXT 2019"]
[Source "ChessBase"]
[SourceDate "2018.10.10"]
[SourceVersion "1"]
[SourceVersionDate "2018.10.10"]
[SourceQuality "1"]
[WhiteTeam "Amay"]
[BlackTeam "Fontaine"]
[WhiteTeamCountry "BEL"]
[BlackTeamCountry "BEL"]

1. d4 d5 2. Bf4 Nf6 3. e3 c6 4. Nf3 Bf5 5. c4 e6 6. Nc3 Bb4 7. Qb3 Qa5 8. Be2 Ne4 9. Rc1 0-0 10. 0-0 dxc4 11. Bxc4 Bxc3 12. bxc3 b5 13. Be2 Nd7 14. c4 b4 15. c5 e5 16. Bxe5 Nxe5 17. dxe5 Nc3 18. Bc4 Qxc5 19. Nd4 Be4 20. e6 Bd5 21. Bxd5 cxd5 22. Kh1 a5 23. a3 Rab8 24. axb4 axb4 25. Ra1 Qc4 26. exf7+ Kxf7 27. Qc2 1/2-1/2

[Event "Cappelle op 34th"]
[Site "Cappelle la Grande"]
[Date "2018.03.08"]
[Round "7.8"]
[White "Herman, Jean"]
[Black "Shyam, Sundar M"]
[Result "1/2-1/2"]
[WhiteElo "2292"]
[BlackElo "2525"]
[PlyCount "130"]
[EventDate "2018.03.03"]
[EventType "swiss"]
[EventRounds "9"]
[EventCountry "FRA"]
[SourceTitle "EXT 2019"]
[Source "ChessBase"]
[SourceDate "2018.10.10"]
[SourceVersion "1"]
[SourceVersionDate "2018.10.10"]
[SourceQuality "1"]

1. d4 Nf6 2. c4 e6 3. Nc3 Bb4 4. e3 0-0 5. Bd3 b6 6. Nge2 Bb7 7. 0-0 d5 8. cxd5 exd5 9. Bd2 Re8 10. Rc1 Bf8 11. f3 c5 12. Qe1 Ba6 13. Bxa6 Nxa6 14. a3 Rb8 15. Rd1 b5 16. dxc5 b4 17. axb4 Nxb4 18. Bc1 Bxc5 19. Qf2 a6 20. Nd4 Nd7 21. Nc2 Nf6 22. Nd4 Qc7 23. Qh4 Re5 24. Qf2 Bd6 25. g3 Qc4 26. Qd2 Rbe8 27. Rfe1 Qc8 28. Qf2 Nc6 29. Nxc6 Qxc6 30. Ne2 Bb4 31. Rf1 Qb6 32. Nd4 Nd7 33. Nc2 Bf8 34. Rfe1 Nc5 35. Nd4 Nb3 36. Nxb3 Qxb3 37. Qe2 Bb4 38. Bd2 Bc5 39. Qxa6 Bxe3+ 40. Bxe3 Rxe3 41. Rxe3 Qxd1+ 42. Kf2 Qd4 43. Qe2 Rxe3 44. Qxe3 Qxb2+ 45. Ke1 g6 46. h4 h5 47. Qe8+ Kg7 48. Qe3 Kf6 49. Qg5+ Ke6 50. Qd8 Qb4+ 51. Ke2 Qe7 52. Qc8+ Kf6+ 53. Kf2 Kg7 54. Qc3+ Qf6 55. Qe3 Qa1 56. g4 hxg4 57. fxg4 Qf6+ 58. Kg3 Qd6+ 59. Kf3 d4 60. Qd3 Qc6+ 61. Kf4 Qc1+ 62. Ke4 Qe1+ 63. Kxd4 Qxh4 64. Qe4 Qf2+ 65. Kd3 Kf6 1/2-1/2

[Event "EU-ch rapid"]
[Site "Katowice"]
[Date "2017.12.17"]
[Round "10"]
[White "Kovalev, Denis"]
[Black "Herman, Jean"]
[Result "1/2-1/2"]
[WhiteElo "2504"]
[BlackElo "2255"]
[PlyCount "24"]
[EventDate "2017.12.16"]
[EventType "swiss (rapid)"]
[EventRounds "11"]
[EventCountry "POL"]
[SourceTitle "CBM 182 Extra"]
[Source "ChessBase"]
[SourceDate "2018.02.23"]
[SourceVersion "1"]
[SourceVersionDate "2018.02.23"]
[SourceQuality "1"]

1. c4 e5 2. Nc3 Nc6 3. g3 Nf6 4. Bg2 Bc5 5. e3 d5 6. cxd5 Nb4 7. d4 exd4 8. exd4 Be7 9. Nge2 Bf5 10. 0-0 Nc2 11. Rb1 Nb4 12. Ra1 Nc2 1/2-1/2

[Event "EU-ch rapid"]
[Site "Katowice"]
[Date "2017.12.16"]
[Round "6"]
[White "Heberla, Bartlomiej"]
[Black "Herman, Jean"]
[Result "1-0"]
[WhiteElo "2555"]
[BlackElo "2255"]
[PlyCount "43"]
[EventDate "2017.12.16"]
[EventType "swiss (rapid)"]
[EventRounds "11"]
[EventCountry "POL"]
[SourceTitle "CBM 182 Extra"]
[Source "ChessBase"]
[SourceDate "2018.02.23"]
[SourceVersion "1"]
[SourceVersionDate "2018.02.23"]
[SourceQuality "1"]

1. d4 d5 2. c4 c6 3. Nf3 Nf6 4. Nc3 dxc4 5. e3 b5 6. a4 b4 7. Nb1 e6 8. Bxc4 Be7 9. 0-0 0-0 10. Qe2 Nbd7 11. b3 Bb7 12. Bb2 Qa5 13. Nbd2 Qh5 14. Ba6 Bxa6 15. Qxa6 c5 16. Rac1 Rfd8 17. Nc4 cxd4 18. Bxd4 Ne4 19. Qb7 Qf5 20. Nce5 Nxe5 21. Nxe5 Bf8 22. g4 1-0

[Event "EU-ch rapid"]
[Site "Katowice"]
[Date "2017.12.16"]
[Round "4"]
[White "Herman, Jean"]
[Black "Valsecchi, Alessio"]
[Result "0-1"]
[WhiteElo "2255"]
[BlackElo "2501"]
[PlyCount "54"]
[EventDate "2017.12.16"]
[EventType "swiss (rapid)"]
[EventRounds "11"]
[EventCountry "POL"]
[SourceTitle "CBM 182 Extra"]
[Source "ChessBase"]
[SourceDate "2018.02.23"]
[SourceVersion "1"]
[SourceVersionDate "2018.02.23"]
[SourceQuality "1"]

1. d4 Nf6 2. Nf3 e6 3. c4 d5 4. Nc3 Bb4 5. Qa4+ Nc6 6. Bf4 0-0 7. e3 Bd7 8. Qb3 dxc4 9. Bxc4 Qe7 10. Bd3 Nd5 11. Bg5 f6 12. Bh4 g5 13. Bg3 Na5 14. Qc2 c5 15. 0-0 g4 16. Nxd5 exd5 17. a3 c4 18. axb4 cxd3 19. Qxd3 Qxb4 20. Nd2 Bb5 21. Bd6 Qxb2 22. Qf5 Bxf1 23. Qxg4+ Kh8 24. Bxf8 Rxf8 25. Rxa5 Qxd2 26. Ra1 Bxg2 27. Qe6 Bf3 0-1

[Event "EU-ch blitz"]
[Site "Katowice"]
[Date "2017.12.15"]
[Round "14"]
[White "Bartel, Michal"]
[Black "Herman, Jean"]
[Result "1-0"]
[WhiteElo "2360"]
[BlackElo "2255"]
[PlyCount "91"]
[EventDate "2017.12.15"]
[EventType "swiss (blitz)"]
[EventRounds "22"]
[EventCountry "POL"]
[SourceTitle "CBM 182 Extra"]
[Source "ChessBase"]
[SourceDate "2018.02.23"]
[SourceVersion "1"]
[SourceVersionDate "2018.02.23"]
[SourceQuality "1"]

1. e4 c5 2. Ne2 Nc6 3. g3 g6 4. Bg2 Bg7 5. c3 d6 6. d4 cxd4 7. cxd4 e5 8. d5 Nce7 9. Nbc3 f5 10. f3 Nf6 11. Be3 0-0 12. h3 Qa5 13. 0-0 b5 14. Qb3 b4 15. Nb1 Bd7 16. Nd2 Ba4 17. Qd3 Bb5 18. Nc4 Qa6 19. Rfc1 Rfc8 20. b3 Nd7 21. Bg5 Nc5 22. Qd2 Bxc4 23. bxc4 Bf8 24. exf5 Nxf5 25. g4 Ne7 26. f4 exf4 27. Bxf4 Bg7 28. Rab1 Rab8 29. Nd4 Qb6 30. Kh1 a5 31. Nb5 Rd8 32. Re1 Rb7 33. Bg5 Rdd7 34. Re2 Qd8 35. Rbe1 Bf8 36. Qd4 Qe8 37. Nxd6 Rxd6 38. Qxc5 Rbd7 39. Qxa5 Qf7 40. Qxb4 h6 41. Bh4 g5 42. Bg3 Rf6 43. Qd2 Ng6 44. d6 Nf4 45. Bxf4 gxf4 46. Bd5 1-0

[Event "EU-ch blitz"]
[Site "Katowice"]
[Date "2017.12.15"]
[Round "13"]
[White "Herman, Jean"]
[Black "Bartel, Michal"]
[Result "0-1"]
[WhiteElo "2255"]
[BlackElo "2360"]
[PlyCount "90"]
[EventDate "2017.12.15"]
[EventType "swiss (blitz)"]
[EventRounds "22"]
[EventCountry "POL"]
[SourceTitle "CBM 182 Extra"]
[Source "ChessBase"]
[SourceDate "2018.02.23"]
[SourceVersion "1"]
[SourceVersionDate "2018.02.23"]
[SourceQuality "1"]

1. d4 Nf6 2. Nf3 c5 3. d5 e6 4. c4 exd5 5. cxd5 d6 6. Nc3 g6 7. e4 Bg7 8. Bd3 0-0 9. h3 Re8 10. 0-0 c4 11. Bc2 b5 12. Nxb5 Nxe4 13. Re1 Nf6 14. Bg5 Rxe1+ 15. Qxe1 Ba6 16. Nbd4 Nbd7 17. Nc6 Qf8 18. Qa5 Nc5 19. b4 cxb3 20. axb3 Nxd5 21. b4 Bxa1 22. Qxa1 Bb7 23. Na5 Nxb4 24. Nxb7 Nxc2 25. Qb2 Nxb7 26. Qxc2 Nc5 27. h4 f6 28. Bf4 a6 29. h5 a5 30. hxg6 a4 31. Nh4 Qe7 32. Kh2 Qe4 33. Qa2+ Ne6 34. g3 hxg6 35. Bxd6 Kg7 36. Ba3 Rc8 37. Qd2 Rd8 38. Qb2 g5 39. Ng2 Qh7+ 40. Nh4 gxh4 41. Qb7+ Kg8 42. Qc6 hxg3+ 43. Kxg3 Qd3+ 44. f3 Qd5 45. Qc2 Qg5+ 0-1

[Event "EU-ch blitz"]
[Site "Katowice"]
[Date "2017.12.15"]
[Round "5"]
[White "Herman, Jean"]
[Black "Reichmann, Hendrik"]
[Result "1-0"]
[WhiteElo "2255"]
[BlackElo "2337"]
[PlyCount "61"]
[EventDate "2017.12.15"]
[EventType "swiss (blitz)"]
[EventRounds "22"]
[EventCountry "POL"]
[SourceTitle "CBM 182 Extra"]
[Source "ChessBase"]
[SourceDate "2018.02.23"]
[SourceVersion "1"]
[SourceVersionDate "2018.02.23"]
[SourceQuality "1"]

1. d4 g6 2. Nf3 Bg7 3. c4 d6 4. e4 e5 5. dxe5 dxe5 6. Qxd8+ Kxd8 7. Be2 c6 8. 0-0 f6 9. Nc3 Be6 10. Be3 Nd7 11. b4 Ne7 12. Rfd1 Kc7 13. c5 Nc8 14. Nd2 f5 15. f3 a5 16. a3 b5 17. cxb6+ Ncxb6 18. b5 c5 19. Rac1 Bf8 20. Ncb1 Be7 21. Nc4 Nxc4 22. Bxc4 Bxc4 23. Rxc4 Nb6 24. Rc2 Rad8 25. Rdc1 Na4 26. Nd2 Rd3 27. Kf2 Rhd8 28. Nc4 f4 29. Bd2 Bd6 30. Bxa5+ Kb7 31. Bxd8 1-0

[Event "Charleroi op"]
[Site "Charleroi"]
[Date "2017.07.31"]
[Round "4"]
[White "Herman, Jean"]
[Black "Barbier, Wim"]
[Result "1/2-1/2"]
[WhiteElo "2239"]
[BlackElo "2107"]
[PlyCount "40"]
[EventDate "2017.07.29"]
[EventType "swiss"]
[EventRounds "9"]
[EventCountry "BEL"]
[SourceTitle "CBM 179 Extra"]
[Source "ChessBase"]
[SourceDate "2017.08.23"]
[SourceVersion "1"]
[SourceVersionDate "2017.08.23"]
[SourceQuality "1"]

1. d4 d6 2. c4 e5 3. Nf3 Bg4 4. e3 Nd7 5. Nbd2 Ngf6 6. h3 Bh5 7. g4 Bg6 8. Nh4 exd4 9. exd4 Qe7+ 10. Qe2 0-0-0 11. Nxg6 hxg6 12. Qxe7 Bxe7 13. Bg2 c5 14. d5 Ne5 15. Ke2 g5 16. Nf3 Nxf3 17. Bxf3 Nd7 18. Be3 Bf6 19. Rab1 Rde8 20. b3 Bd4 1/2-1/2

[Event "BEL-chT 1617"]
[Site "Belgium"]
[Date "2017.02.19"]
[Round "8.7"]
[White "Sterck, Arno"]
[Black "Herman, Jean"]
[Result "1-0"]
[WhiteElo "2191"]
[BlackElo "2253"]
[PlyCount "87"]
[EventDate "2016.10.02"]
[EventType "team-tourn"]
[EventRounds "11"]
[EventCountry "BEL"]
[SourceTitle "EXT 2018"]
[Source "ChessBase"]
[SourceDate "2017.10.13"]
[SourceVersion "1"]
[SourceVersionDate "2017.10.13"]
[SourceQuality "1"]
[WhiteTeam "KBSK Brugge"]
[BlackTeam "Fontaine"]
[WhiteTeamCountry "BEL"]
[BlackTeamCountry "BEL"]

1. e4 c5 2. Nf3 Nc6 3. d4 cxd4 4. Nxd4 g6 5. c4 Bg7 6. Be3 Nf6 7. Nc3 d6 8. Be2 0-0 9. 0-0 a6 10. Qd2 Qa5 11. Nb3 Qd8 12. f3 Be6 13. Rac1 Nd7 14. Nd5 f5 15. Nf4 Bf7 16. exf5 gxf5 17. Rfd1 a5 18. Nh3 a4 19. Nd4 Nxd4 20. Bxd4 Bxd4+ 21. Qxd4 Qa5 22. Bd3 Bg6 23. Nf4 Qc5 24. Qxc5 Nxc5 25. Bc2 Rfd8 26. h4 e5 27. Nd5 Ne6 28. h5 Bf7 29. Ne7+ Kf8 30. Nxf5 Bxh5 31. Rxd6 Rxd6 32. Nxd6 Nd4 33. Kf2 Ke7 34. Nf5+ Nxf5 35. Bxf5 Bg6 36. Bxg6 hxg6 37. Rd1 Rc8 38. b3 Rc5 39. Ke3 axb3 40. axb3 b5 41. Rd5 Rxd5 42. cxd5 Kf7 43. Ke4 Kf6 44. b4 1-0

[Event "BEL-chT 1617"]
[Site "Belgium"]
[Date "2017.01.29"]
[Round "6.7"]
[White "Klein, Felix"]
[Black "Herman, Jean"]
[Result "0-1"]
[WhiteElo "2321"]
[BlackElo "2253"]
[PlyCount "62"]
[EventDate "2016.10.02"]
[EventType "team-tourn"]
[EventRounds "11"]
[EventCountry "BEL"]
[SourceTitle "EXT 2018"]
[Source "ChessBase"]
[SourceDate "2017.10.13"]
[SourceVersion "1"]
[SourceVersionDate "2017.10.13"]
[SourceQuality "1"]
[WhiteTeam "KSK Rochade"]
[BlackTeam "Fontaine"]
[WhiteTeamCountry "BEL"]
[BlackTeamCountry "BEL"]

1. e4 c5 2. Nf3 Nc6 3. d4 cxd4 4. Nxd4 g6 5. Nc3 Bg7 6. Be3 Nf6 7. Bc4 0-0 8. Bb3 d6 9. f3 Bd7 10. Qd2 Rb8 11. 0-0-0 Na5 12. Kb1 b5 13. g4 Nc4 14. Bxc4 bxc4 15. Ka1 Rb4 16. h4 Qb8 17. Rb1 Qb7 18. a3 Rb6 19. g5 Nh5 20. Nd5 e5 21. Ne2 Ra6 22. Nb4 Ra4 23. Qxd6 Rb8 24. Rhd1 Bf8 25. Qxd7 Qxb4 26. Qxa7 Rxa7 27. Bxa7 Ra8 28. Rd7 Qa4 29. Rbd1 Rxa7 30. Rxa7 Qxa7 31. Rd8 Qa5 0-1

[Event "Bergamo op 13th"]
[Site "Bergamo"]
[Date "2014.07.20"]
[Round "5"]
[White "Spornberger, Andre"]
[Black "Herman, Jean"]
[Result "1/2-1/2"]
[WhiteElo "2115"]
[BlackElo "2218"]
[PlyCount "135"]
[EventDate "2014.07.18"]
[EventType "swiss"]
[EventRounds "6"]
[EventCountry "ITA"]
[SourceTitle "CBM 161 Extra"]
[Source "ChessBase"]
[SourceDate "2014.08.29"]
[SourceVersion "1"]
[SourceVersionDate "2014.08.29"]
[SourceQuality "1"]

1. e4 g6 2. d4 c5 3. Nf3 Bg7 4. Nc3 cxd4 5. Nxd4 d6 6. Bc4 Nf6 7. 0-0 0-0 8. Bb3 Nc6 9. Nf3 Bg4 10. h3 Bxf3 11. Qxf3 Nd4 12. Qd1 Nxb3 13. axb3 a6 14. Bf4 Rc8 15. Re1 Nd7 16. Qd2 Re8 17. Bh6 Bh8 18. Bg5 Nc5 19. Rad1 Ne6 20. Bh4 Qa5 21. Re3 Rc6 22. Nd5 Qxd2 23. Rxd2 g5 24. Bxg5 Nxg5 25. Rg3 h6 26. h4 Bxb2 27. hxg5 hxg5 28. Rxg5+ Kf8 29. Re2 e6 30. Nb4 Rc7 31. c4 Bd4 32. Rg3 Ke7 33. Rd3 Bc5 34. Nc2 b5 35. cxb5 axb5 36. b4 Ba7 37. Na3 Rb8 38. g3 Rb6 39. Kg2 Bb8 40. f4 Ra7 41. Kf3 Ra4 42. Rb2 Kd7 43. Rbb3 Ke7 44. g4 Ra7 45. Rbc3 Ra4 46. Rb3 Ra7 47. g5 Rc7 48. Rbc3 Kf8 49. Kg4 Kg7 50. f5 Rxc3 51. f6+ Kh7 52. Rxc3 d5 53. exd5 exd5 54. Rh3+ Kg8 55. Rd3 Bd6 56. Rxd5 Bxb4 57. Nxb5 Bf8 58. Nc3 Rb2 59. Rd8 Rg2+ 60. Kf5 Rf2+ 61. Ke5 Rf1 62. Nd5 Re1+ 63. Kf4 Rf1+ 64. Ke3 Re1+ 65. Kf2 Re5 66. Ne7+ Kh7 67. Rxf8 Re2+ 68. Kxe2 1/2-1/2

[Event "BEL-chT 1314"]
[Site "Belgium"]
[Date "2014.02.09"]
[Round "9.8"]
[White "Herman, Jean"]
[Black "De Gueldre, Philippe"]
[Result "0-1"]
[WhiteElo "2231"]
[BlackElo "2124"]
[PlyCount "102"]
[EventDate "2013.09.22"]
[EventType "team-tourn"]
[EventRounds "11"]
[EventCountry "BEL"]
[SourceTitle "EXT 2015"]
[Source "ChessBase"]
[SourceDate "2014.11.20"]
[SourceVersion "1"]
[SourceVersionDate "2014.11.20"]
[SourceQuality "1"]
[WhiteTeam "Fontaine"]
[BlackTeam "Liege Crelel"]
[WhiteTeamCountry "BEL"]
[BlackTeamCountry "BEL"]

1. d4 Nf6 2. c4 e6 3. Nf3 d5 4. Nc3 c6 5. e3 Nbd7 6. Bd3 dxc4 7. Bxc4 b5 8. Bd3 a6 9. e4 c5 10. e5 cxd4 11. Nxb5 axb5 12. exf6 gxf6 13. 0-0 Bb7 14. Bxb5 Rg8 15. Bf4 Qb6 16. Qd3 Bd6 17. Bg3 f5 18. Rfe1 0-0-0 19. Rec1+ Kb8 20. Bxd6+ Qxd6 21. Qxd4 Qxd4 22. Nxd4 Bxg2 23. f3 Ne5 24. Re1 Rxd4 25. Rxe5 Rd2 26. Be2 Bxf3+ 27. Kf2 Bxe2 28. Rxe2 Rxe2+ 29. Kxe2 Rg2+ 30. Kf3 Rxb2 31. h4 Rb4 32. Rg1 Rxh4 33. Rg7 Kc7 34. Rxf7+ Kd6 35. Ra7 Ke5 36. Ra5+ Kf6 37. Ra6 Rh3+ 38. Kf2 f4 39. Ra7 e5 40. a4 Kf5 41. a5 Rh2+ 42. Kg1 Ra2 43. a6 Ke4 44. Rxh7 Rxa6 45. Rb7 Ra2 46. Rb3 f3 47. Kf1 Kf4 48. Ke1 e4 49. Rb1 f2+ 50. Kf1 Kf3 51. Rb8 Ra1+ 0-1

[Event "BEL-chT 1314"]
[Site "Belgium"]
[Date "2014.01.26"]
[Round "8.8"]
[White "Du Pont, David"]
[Black "Herman, Jean"]
[Result "0-1"]
[WhiteElo "2082"]
[BlackElo "2232"]
[PlyCount "114"]
[EventDate "2013.09.22"]
[EventType "team-tourn"]
[EventRounds "11"]
[EventCountry "BEL"]
[SourceTitle "EXT 2015"]
[Source "ChessBase"]
[SourceDate "2014.11.20"]
[SourceVersion "1"]
[SourceVersionDate "2014.11.20"]
[SourceQuality "1"]
[WhiteTeam "Deurne"]
[BlackTeam "Fontaine"]
[WhiteTeamCountry "BEL"]
[BlackTeamCountry "BEL"]

1. d4 d5 2. Nf3 Nf6 3. e3 Bf5 4. c4 c6 5. cxd5 cxd5 6. Nc3 Qb6 7. Be2 e6 8. Nh4 Be4 9. 0-0 Be7 10. f4 0-0 11. Nf3 Bxf3 12. Rxf3 Ne4 13. g4 f5 14. gxf5 Nxc3 15. bxc3 exf5 16. Qb3 Qxb3 17. axb3 Rd8 18. Ba3 Bf6 19. Bc5 a6 20. c4 Nc6 21. cxd5 Ne7 22. d6 Nc8 23. Bc4+ Kh8 24. d7 Rxd7 25. Be6 Rc7 26. Rd1 g6 27. Rf2 b6 28. Bb4 a5 29. Ra2 Be7 30. Bxe7 Rxe7 31. d5 Nd6 32. Rc2 Rd8 33. Rc6 b5 34. Rdc1 Ne4 35. Rc8 Rxc8 36. Rxc8+ Kg7 37. Rg8+ Kf6 38. Rf8+ Kg7 39. Rg8+ Kf6 40. Rf8+ Kg7 41. Rc8 Ra7 42. Rc6 Kf6 43. Bc8+ Ke7 44. Re6+ Kd8 45. Rc6 Rc7 46. Be6 Rxc6 47. dxc6 a4 48. bxa4 bxa4 49. Kf1 a3 50. Ke2 a2 51. Bxa2 Nc3+ 52. Kd3 Nxa2 53. e4 Nb4+ 54. Kc4 Nxc6 55. exf5 gxf5 56. Kd5 Kd7 57. h4 h5 0-1

[Event "EU-ch rapid"]
[Site "Warsaw"]
[Date "2013.12.15"]
[Round "8"]
[White "Dragun, Kamil"]
[Black "Herman, Jean"]
[Result "1-0"]
[WhiteElo "2530"]
[BlackElo "2230"]
[PlyCount "53"]
[EventDate "2013.12.14"]
[EventType "swiss (rapid)"]
[EventRounds "11"]
[EventCountry "POL"]
[SourceTitle "CBM 157 Extra"]
[Source "ChessBase"]
[SourceDate "2013.12.19"]
[SourceVersion "1"]
[SourceVersionDate "2013.12.19"]
[SourceQuality "1"]

1. d4 d5 2. c4 c6 3. Nc3 Nf6 4. cxd5 cxd5 5. Bf4 Nc6 6. e3 Bf5 7. Qb3 Qb6 8. Qxb6 axb6 9. Bb5 e6 10. Nf3 Nd7 11. Nh4 Bg6 12. Nxg6 hxg6 13. Ke2 Be7 14. Rhc1 0-0 15. Nb1 Rfc8 16. Nd2 g5 17. Bg3 Bd8 18. a3 Ra5 19. a4 Ndb8 20. Rc3 Bc7 21. Nb3 Ra8 22. Nc1 Bxg3 23. hxg3 Rc7 24. Nd3 Re7 25. Ne5 Nxe5 26. Rc8+ Kh7 27. dxe5 1-0